| 000 | 01500cam a2200409Ia 4500 | ||
|---|---|---|---|
| 999 |
_c200426055 _d43979 |
||
| 001 | 7387144 | ||
| 003 | TR-AnTOB | ||
| 005 | 20231128084400.0 | ||
| 008 | 981015s1998 enk 000 1 eng d | ||
| 020 | _a0099276585 | ||
| 020 | _a9780099276586 | ||
| 035 |
_a(OCoLC)40116879 _z(OCoLC)49976373 |
||
| 035 | _aucoclc40116879 | ||
| 040 |
_aGZM _beng _cTR-AnTOB _dOCL _dOCLCQ _dNLGGC _dYDXCP _dOCLCQ _dAU@ _dOCLCQ _dITJCU _dCLU _dUtOrBLW _erda |
||
| 041 | _aeng | ||
| 043 | _ae-uk-en | ||
| 049 |
_a[Sontag] CLUS _pSON _nCollection 892, box 829 |
||
| 050 | 4 |
_aPR6063.C4 _bE53 1998c |
|
| 084 |
_a18.05 _2bcl |
||
| 090 |
_aPR6063.C4 _bE53 1998c |
||
| 100 | 1 | _aMcEwan, Ian. | |
| 245 | 1 | 0 |
_aEnduring love : _ba novel / _cIan McEwan. |
| 264 |
_aLondon : _bVintage, _c1998. |
||
| 300 |
_a247 p. ; _c20 cm |
||
| 336 |
_2rdacontent _atext _btxt |
||
| 337 |
_2rdamedia _aunmediated _bn |
||
| 338 |
_2rdacarrier _avolume _bnc |
||
| 590 | _aSpec. Coll. Sontag copy is part of a collection (Collection 892). To page this item, use the collection record; to find the collection record, search the title: Books from the library of Susan Sontag. Item is in box 829. Illustrated glazed brown wrappers. | ||
| 650 | 0 |
_aObsessive-compulsive disorder _vFiction. |
|
| 650 | 0 |
_aStalking _zEngland _vFiction. |
|
| 650 | 0 |
_aGay men _zEngland _vFiction. |
|
| 651 | 0 |
_aChiltern Hills (England) _vFiction. |
|
| 942 |
_2lcc _cBK |
||
| 948 |
_aspc _bjjf _c20140331 _d2+ |
||